| 000 | 02054nam a22002897a 4500 | ||
|---|---|---|---|
| 001 | 9397 | ||
| 003 | FISKH | ||
| 005 | 20251219112310.0 | ||
| 008 | 251219b cb ||||| |||| 00| 0 eng d | ||
| 020 | _a9781575421179 | ||
| 040 |
_aFISKH _beng _cFISKH _dFISKH |
||
| 050 | _aBF723.A4 V47 | ||
| 082 | _a152.4 | ||
| 100 |
_aVerdick, Elizabeth _eAuthor |
||
| 245 |
_aHow to take the grrrr out of anger / _cBy Elizabeth Verdick & Marjorie Lisovskis |
||
| 260 |
_aMinneapolis : _bFree Spirit Publishing Inc. , _c2002 |
||
| 300 |
_a199 pages : _bcolor illustrations ; _c18 cm |
||
| 490 | _aLaugh & learn | ||
| 505 | _aR | ||
| 520 | _a"Kids need help learning how to manage their anger. Blending solid information and sound advice with humor and lively illustrations, these anger-management tips guide kids to understand that anger is normal and to learn they can express it in healthy ways. The book teaches them how to recognize anger in themselves and others, how to handle situations and emotions (loneliness, guilt, frustration, fear) that lead to or mask anger, and how to deal with the anger they feel. This revised edition addresses children's exposure to increased societal violence and includes discussion and examples of anger related to texting and social media. Young readers learn that cruelty and violence are not acceptable and there are safer, more positive ways to resolve conflicts. They also discover what to do when people around them are angry, how to get help, and how to locate other resources when they need more support"-- "Helps kids understand anger and learn how to handle it in healthy ways. Addresses children's exposure to increased societal violence and includes discussions about anger related to texting and social media. Includes section for adults with ideas for helping children deal with anger"-- | ||
| 521 | 8 |
_a730
_bLexile |
|
| 521 | 8 |
_aR
_bRaz-Plus |
|
| 650 |
_aSelf-regulation _vSocial emotional themes |
||
| 650 |
_aSocial skill building _vEmotional development |
||
| 942 |
_2ddc _cBK _n0 |
||
| 999 |
_c9397 _d9397 |
||